Bredin-Archbold- Smithsonian biological survey of Dominica: the Crane Flies, Diptera: Tipulidae
Saved in:
| Hovedforfatter: | |
|---|---|
| Format: | Bog |
| Sprog: | engelsk |
| Udgivet: |
Washington, D.C
Smithsonian Institution
1970
|
| Serier: | Smithsonian Contributions to Zoology, 45
|
| Fag: | |
| Tags: |
Tilføj Tag
Ingen Tags, Vær først til at tagge denne postø!
|
MARC
| LEADER | 00000nam a2200000 a 4500 | ||
|---|---|---|---|
| 001 | UCL7444 | ||
| 003 | CL-VaPUC | ||
| 008 | 040520e19700000US |||||||||||||||||eng|d | ||
| 082 | 0 | 4 | |a 595.772 |b ALE |2 21 |
| 100 | 0 | |a Alexander, Charles P |e author |9 485288 | |
| 245 | 1 | 0 | |a Bredin-Archbold- Smithsonian biological survey of Dominica: the Crane Flies, Diptera: Tipulidae |
| 300 | |a 59 p | ||
| 942 | |c BK | ||
| 945 | |d 20040520 00:00:00 |a cmena | ||
| 260 | |a Washington, D.C |b Smithsonian Institution |c 1970 | ||
| 650 | 7 | |a DIPTEROS |2 CL-VaPUC |9 331929 | |
| 650 | 7 | |a TIPULAS |2 CL-VaPUC |9 485289 | |
| 650 | 0 | |a Distribución geográfica |9 260005 | |
| 650 | 7 | |a ESPECIES |2 CL-VaPUC |9 331928 | |
| 650 | 0 | |a Taxonomia |9 341054 | |
| 583 | |a last modification |c 20040520 00:00:00 |k Rodrigo Vera | ||
| 490 | 0 | |a Smithsonian Contributions to Zoology, 45 | |
| 999 | |c 309179 |d 309177 | ||